000 00676nam a2200229Ia 4500
003 OSt
005 20220923212447.0
006 a|||||r|||| 00| 0
007 ta
008 220922b |||||||| |||| 00| 0 hin d
024 _a153,186
037 _cTextual
040 _aARTS
_cARTS
_bhin
041 _2hin
_ahin
082 _aO142:3M35:2, 152K6
100 _aआइत्मातोव
245 0 _aमां की धरती, मार्कन्डेय अनु
246 _aMāan kī dharatī, mārkanḍeya anu0
260 _c1966
942 _hO142:3M35:2, 152K6
_cTEXL
_2CC
999 _c308834
_d308834